Antología : (Registro nro. 11043)

Detalles MARC
000 -LIDER
fixed length control field 02139nam a22004457a 4500
001 - NÚMERO DE CONTROL
Identificador de número de control 000425
003 - IDENTIFICACDOR DE NÚMERO DE CONTROL
control field DO-SdBNP
005 - DATE AND TIME OF LATEST TRANSACTION
control field 20240813094400.0
007 - CAMPOS FIJOS DE DESCRIPCIÓN FÍSICA
fixed length control field 000425
008 - ELEMENTOS DE LONGITUD FIJA
fixed length control field 160727b2002 sp || 00| 0 spa d
020 ## - ISBN
International Standard Book Number 8420449342
040 ## - FUENTE DE CATALOGACIÓN
Agencia que crea de manera original el registro BPMSU
Idioma de catalogación spa
Agencia que realiza la transcripción BPMSU
082 #4 - NÚMERO DE CLASIFICACIÓN DECIMAL DE DEWEY
Classification number 808.83
Item number A634m 2002
Edition number 22
245 10 - MENCIÓN DE TITULO
Título Antología :
Subtítulo los mejores relatos fantásticos de habla hispana /
Mención de responsabilidad Juan Benet ... [y otros] ; selección y prólogo de Joan Estruch i Tobella.
250 ## - MENCIÓN DE EDICION
Mención de edición 6ª ed.
260 ## - PUBLICACIÓN, DISTRIBUCIÓN, ETC. (PIE DE IMPRENTA)
Lugar de publicación, distribución, etc Madrid :
Nombre del editor, distribuidor, etc. Alfaguara,
Fecha de publicación, distribución, etc 2002.
300 ## - DESCRIPCIÓN FÍSICA
Extensión 129 p. ;
Dimensiones 21 cm.
490 1# - MENCIÓN DE SERIES
Mención de serie Roja
490 1# - MENCIÓN DE SERIES
Mención de serie Antologías
505 0# - NOTA DE CONTENIDO
Texto normalizado de contenido Catálisis / Juan Benet ; El brujo postergado / Jorge Luis Borges ; Continuidad de los parques / Julio Cortázar ; El ángulo del horror / Cristina Fernández Cubas ; Chac Mool / Carlos Fuentes ; La luz es como el agua / Gabriel García Márquez ; No más amores / Javier Marías ; El árbol de oro / Ana María Matute ; La primera Rosa / José María Merino ; Ella acaba con ella / Juan José Millás ; Luvina / Juan Rulfo.
650 #4 - ENCABEZAMIENTO DE MATERIA--TEMÁTICO
Término temático o nombre geográfico como elemento de entrada Cuentos juveniles españoles
Subdivisión de forma Colecciones
650 #4 - ENCABEZAMIENTO DE MATERIA--TEMÁTICO
Término temático o nombre geográfico como elemento de entrada Cuentos juveniles latinoamericanos
Subdivisión de forma Colecciones
650 #4 - ENCABEZAMIENTO DE MATERIA--TEMÁTICO
Término temático o nombre geográfico como elemento de entrada Fantasía
Subdivisión de forma Cuentos juveniles
650 #4 - ENCABEZAMIENTO DE MATERIA--TEMÁTICO
Término temático o nombre geográfico como elemento de entrada Horror
Subdivisión de forma Cuentos juveniles
700 1# - ASIENTO SECUNDARIO -- NOMBRE PERSONAL
Nombre personal Estruch Tobella, Joan,
Fechas asociadas con el nombre 1953-
Mención de responsabilidad prólogo
700 1# - ASIENTO SECUNDARIO -- NOMBRE PERSONAL
Nombre personal Benet, Juan,
Mención de responsabilidad 1927-1993.
700 1# - ASIENTO SECUNDARIO -- NOMBRE PERSONAL
Nombre personal Benet, Juan,
Fechas asociadas con el nombre 1927-1993.
Título de una obra Catálisis.
700 1# - ASIENTO SECUNDARIO -- NOMBRE PERSONAL
Nombre personal Borges, Jorge Luis,
Fechas asociadas con el nombre 1899-1986.
Título de una obra Brujo postergado.
700 1# - ASIENTO SECUNDARIO -- NOMBRE PERSONAL
Nombre personal Cortázar, Julio,
Fechas asociadas con el nombre 1914-1984.
Título de una obra Continuidad de los parques.
700 1# - ASIENTO SECUNDARIO -- NOMBRE PERSONAL
Nombre personal Fernández Cubas, Cristina,
Fechas asociadas con el nombre 1945-
Título de una obra Ángulo del horror
700 1# - ASIENTO SECUNDARIO -- NOMBRE PERSONAL
Nombre personal Fuentes, Carlos,
Fechas asociadas con el nombre 1928-2012
Título de una obra Chac Mool.
700 1# - ASIENTO SECUNDARIO -- NOMBRE PERSONAL
Nombre personal García Márquez, Gabriel,
Fechas asociadas con el nombre 1927-2014
Título de una obra Luz es como el agua.
700 1# - ASIENTO SECUNDARIO -- NOMBRE PERSONAL
Nombre personal Marías, Javier,
Fechas asociadas con el nombre 1951-
Título de una obra No más amores.
700 1# - ASIENTO SECUNDARIO -- NOMBRE PERSONAL
Nombre personal Matute, Ana María,
Fechas asociadas con el nombre 1926-2014
Título de una obra Arbol de oro.
700 1# - ASIENTO SECUNDARIO -- NOMBRE PERSONAL
Nombre personal Merino, José María,
Fechas asociadas con el nombre 1941-
Título de una obra Primera Rosa.
700 1# - ASIENTO SECUNDARIO -- NOMBRE PERSONAL
Nombre personal Millás, Juan José,
Fechas asociadas con el nombre 1946-
Título de una obra Ella acaba con ella.
700 1# - ASIENTO SECUNDARIO -- NOMBRE PERSONAL
Nombre personal Rulfo, Juan,
Fechas asociadas con el nombre 1918-1986.
Título de una obra Luvina.
910 ## - VALIDACIÓN
Validación VMateo V. Control de calidad. BPMSU
942 ## - ADDED ENTRY ELEMENTS (KOHA)
Source of classification or shelving scheme Dewey Decimal Classification
Koha item type Libros
Existencias
Withdrawn status Lost status Source of classification or shelving scheme Damaged status Not for loan Collection code Home library Current library Date acquired Source of acquisition Total Checkouts Full call number Barcode Date last seen Price effective from Koha item type
    Dewey Decimal Classification     Colección Juvenil General Biblioteca Pública Metropolitana Salomé Ureña Biblioteca Pública Metropolitana Salomé Ureña 07/27/2016 FUNDI   BPMSU CJG 808.83 A634m 2002 BPMSU16070671 07/27/2016 07/27/2016 Libros